000 00380pam a2200145 a 4500
020 _a0-07-058756-6
_c
041 _h
082 _a658.4032
_bANT/GOV
100 _aANTHONY,R N
245 _aMANAGEMENT CONTROL SYSTEM
_hTextual Documents
260 _aNEW DELHI
_bTATA MC GRAW-HILL PUBLISHING COMPANY LIMITED
_c2004
300 _a851
700 _aGOVINDARAJAN,V
930 _a16482
999 _c135657
_d135657